00618nam a2200121Ia 4500001000400000008004100004082001700045100012300062245025300185260001400438901002900452999001500481220241024s9999 xx 000 0 und d aRD/375/R426i aRepública Dominicana.Secretaria de Estado de Educación.Subsecretaria de Estado de Asuntos técnicos-pedagógicos 0aInforme de Consultoria: Asistencia a la Dirección General de Currículum en la finalización, socialización con las entidades competentes de la SEE, e implementación de las Renovaciones Currículares y Niveles de Enseñanza, informe final bSEEc2008 a22/10/2010 11:56:07 a.m. c8406d8406